000 01433cam a2200409 a 4500
001 21984
003 VRT
005 20260317092143.0
008 220512s1995 xo ra 0000f slo
015 _aSNBA1996/0200373
020 _a8071182214
035 _aSNK000032896
035 _aurn:nbn:sk:snk-amk1tw
035 _aurn:nbn:sk:snk-am00869p
035 _a19E6F03E-F185-4036-B2AF-70B1AFBD331B
039 9 _a202306040911
_bcsnk01
_c202306040910
_dcsnk01
_c202205120749
_dVLOAD
_c201608301348
_dVLOAD
040 _aSNK
_bslo
_cSNK
_eAACR2
041 1 _aslo
_heng
044 _axo
_cSK
080 _a820 (73)-3
_21981
100 1 _aSpencer, LaVyrle,
_d1943-
_4aut
240 1 0 _aHummingbird
_lSlovensky
245 1 0 _aKolibrík
_cLa Vyrle Spencerová ; [z anglického originálu preložila Oľga Kralovičová]
260 _aBratislava
_bIkar
_c1995
300 _a336 s.
_c21 cm
655 7 _aamerické romány
_2SNKPH
655 7 _aľúbostné romány
_2SNKPH
700 1 _aKralovičová, Oľga,
_d1957-
_4trl
910 _asnk
911 _aKN 1996/02
_b00373
_c00489
942 _2ddc
_cKLDO
_n0
949 _617A1014041
_asnkSC 89432
_bsnkKSP 9775/95
_s6100:20140925
949 _9P60, <09>, [BOOK], {629}
_asnkC 2028
_bsnk3997/951128
949 _617A0004573
_9P60, <04>, [BOOK], {604}
_asnkSC 89432 D1
_bsnkKSP 9776/95
949 _6273K0213089
_asvkpoA 166812
_bsvkpo413963
_oPV 81/96
999 _c21984
_d21984